Microbiology / (Record no. 21772)

MARC details
000 -LEADER
fixed length control field 01850cam a22003855i 4500
001 - CONTROL NUMBER
control field 016068546
003 - CONTROL NUMBER IDENTIFIER
control field EG-ScBUE
005 - DATE AND TIME OF LATEST TRANSACTION
control field 20260318102316.0
008 - FIXED-LENGTH DATA ELEMENTS--GENERAL INFORMATION
fixed length control field 120403t2013 paua f b 001 0 eng d
020 ## - INTERNATIONAL STANDARD BOOK NUMBER
International Standard Book Number 9781609139995 (pbk.)
020 ## - INTERNATIONAL STANDARD BOOK NUMBER
International Standard Book Number 1609139992 (pbk.)
040 ## - CATALOGING SOURCE
Original cataloging agency EG-ScBUE
Language of cataloging eng
Description conventions rda
Transcribing agency EG-ScBUE
Modifying agency EG-ScBUE
082 04 - DEWEY DECIMAL CLASSIFICATION NUMBER
Classification number 579
Item number COR
Edition number 22
100 1# - MAIN ENTRY--PERSONAL NAME
Personal name Cornelissen, Cynthia Nau,
9 (RLIN) 40018
Relator term author.
245 10 - TITLE STATEMENT
Title Microbiology /
Statement of responsibility, etc Cynthia Nau Cornelissen, Ph.D., Department of Microbiology and Immunology, School of Medicine, Virginia Commonwealth University, Richmond, Virginia, Bruce D. Fisher, M.D., Department of Medicine, Jersey Shore University Medical Center, Neptune, New Jersey, Department of Medicine, University of Medicine and Dentistry of New Jersey-Robert Wood Johnson Medical School, Piscataway, New Jersey, Richard A. Harvey, Ph.D., Department of Biochemistry, University of Medicine and Dentistry of New Jersey-Robert Wood Johnson Medical School, Piscataway, New Jersey.
250 ## - EDITION STATEMENT
Edition statement Third edition.
250 ## - EDITION STATEMENT
Edition statement International edition.
264 #1 - PUBLICATION, DISTRIBUTION, ETC. (IMPRINT)
Place of publication, distribution, etc Philadelphia, PA :
Name of publisher, distributor, etc Lippincott Williams & Wilkins,
Date of publication, distribution, etc [2013]
264 #4 - PUBLICATION, DISTRIBUTION, ETC. (IMPRINT)
Date of publication, distribution, etc c2013
300 ## - PHYSICAL DESCRIPTION
Extent x, 438 pages :
Other physical details illustrations ;
Dimensions 28 cm.
336 ## - CONTENT TYPE
Source rdacontent
Content type term text
Content type code txt
337 ## - MEDIA TYPE
Media type term unmediated
Source rdamedia
Media type code n
338 ## - CARRIER TYPE
Carrier type term volume
Carrier type code nc
Source rdacarrier
490 0# - SERIES STATEMENT
Series statement Lippincott's illustrated reviews
500 ## - GENERAL NOTE
General note Previous ed. : 2007.
500 ## - GENERAL NOTE
General note Previous ed. by Richard A. Harvey, Pamela C. Champe, Bruce D. Fisher.
500 ## - GENERAL NOTE
General note Includes bibliographical references and index.<br/>
650 #7 - SUBJECT ADDED ENTRY--TOPICAL TERM
Topical term or geographic name as entry element Medical microbiology.
Source of heading or term BUEsh
9 (RLIN) 12324
650 #7 - SUBJECT ADDED ENTRY--TOPICAL TERM
Topical term or geographic name as entry element Microbiology.
Source of heading or term BUEsh
9 (RLIN) 23968
653 ## - INDEX TERM--UNCONTROLLED
Resource For college Pharmacy
Arrived date list May2016
655 ## - INDEX TERM--GENRE/FORM
Form subdivision Reading book
700 1# - ADDED ENTRY--PERSONAL NAME
Personal name Fisher, Bruce D.,
Titles and other words associated with a name M.D.,
Relator term author.
700 1# - ADDED ENTRY--PERSONAL NAME
Personal name Harvey, Richard A.,
Titles and other words associated with a name Ph. D.,
9 (RLIN) 30034
Relator term author.
942 ## - ADDED ENTRY ELEMENTS (KOHA)
Source of classification or shelving scheme Dewey Decimal Classification
Koha item type Book - Borrowing
Holdings
Withdrawn status Lost status Source of classification or shelving scheme Damaged status Not for loan Collection code Home library Current library Shelving location Date acquired Source of acquisition Cost, normal purchase price Total Checkouts Total Renewals Full call number Barcode Date last seen Date checked out Cost, replacement price Price effective from Koha item type
    Dewey Decimal Classification     Alahram Central Library Central Library First floor 18/05/2016 Purchase 175.00 3 28 579 COR 000032530 15/07/2025 04/10/2017 218.75 18/05/2016 Book - Borrowing